00771nam a22002177a 4500003000500000005001700005008004100022010001000063011001000073035001000083040000900093100004500102245012700147260004000274300002000314502008800334650002900422650004400451650003700495650002100532CHAP20250515062727.0971013s1996 r 00010 d a61551 a62523 a66697 cCHAP00aVelázquez Jiménez, Francisco Javier. aAnálisis de rentabilidad privada y económica del cultivo de maíz de temporal en la región Fraylesca, Chiapas, 1995 aChapingo, Méx. :bEl autor,c1996 a77 h.b: anexos aTesis (Ing. Agr. Esp. en Econ. Agr.) -- UACH. Departamento de Economía Agrícola14aAgricultura de temporal.14aMaízxAspectos económicosxChiapas.17aMaízxCostos de producción214aMaízzChiapas.